| 000 | 01824nam a2200241 4500 | ||
|---|---|---|---|
| 003 | vecauma | ||
| 005 | 20260415135340.0 | ||
| 007 | ta | ||
| 008 | 260415b ve ||||| |||| 00| 0 spa d | ||
| 020 | _a9806004728 | ||
| 040 |
_avecauma _bspa _cvecauma _dvecauma _erda |
||
| 041 | _aspa | ||
| 100 | 1 | _eautor | |
| 245 | 1 |
_aPérez Jiménez y la dinámica del poder (1948-1958) _c/ Manuel Rodríguez Campos |
|
| 264 |
_aCaracas: _bEldorado; _c1983. |
||
| 300 | _a286 páginas. | ||
| 336 |
_atexto _btxt _2rdacontenido |
||
| 337 |
_ano mediado _bn _2rdamedio |
||
| 338 |
_avolumen _bnc _2rdasoporte |
||
| 505 | 0 |
_aUna economía "hacia afuera" /
Una economía "hacia adentro" /
La acción de gobierno y las clases dominantes / _gLicenciado en Contaduría Pública (1960), Licenciado en Historia (1974), Magíster en Historia de Venezuela (1980) y actual cursante del programa de Doctorado, siempre en la Universidad Central de Venezuela (UCV). Desde 1960 ha sido profesor en esta misma universidad, en sus Escuelas de Contaduría, Administración e Historia, y asimismo en los programas de Maestría en Historia. Ha sido Director de la Escuela de Administración (Facultad de Economía), del Instituto de Estudios Hispanoamericanos (Facultad de Humanidades) y de la Biblioteca Central, en la UCV. En 1977 ganó el Premio Anual de Investigación, que otorga la Asociación de Profesores de la UCV (APUCV), por su obra Venezuela 1902. La Crisis Fiscal, y en 1987 obtuvo el Premio "6 de Septiembre" del Instituto Hispánico de las Islas Canarias por su obra La Libranza del Sudor (Emigración Canaria a Venezuela en el siglo XIX). Miembro del Consejo Editor de la Revista Tierra Firme y colaborador en revistas especializadas nacionales y extranjeras. |
|
| 942 | 1 |
_2lcc _n0 _cBK |
|
| 999 |
_c13374 _d13374 |
||